000 01454namaa2200349 i 4500
003 EG-GICUC
005 20260415134456.0
008 260415s1994 ua |||jrd||| 000 0 ara d
017 _a1994 / 10781
_bدار الكتب والوثائق القومية (مصر)
020 _a9772232022
040 _aEG-GiCUC
_bara
_cEG-GiCUC
_dEG-GiCUC
_erda
082 0 4 _221
_a320.03
_bM9535
092 0 4 _221
_a320.03
_bM9535
099 _a320.03 M9535 1994
100 1 _eمؤلف.
245 _aمعجم المصلحات السياسية /
_cاشراف على الدين هلال، احمد الرشيدى [وآخ...] ؛ تحرير وتقديم نيفين مسعد.
250 _aالطبعة الاولى
264 _a[القاهرة (مصر)] :
_bجامعة القاهرة، كلية الاقتصاد والعلوم السياسية، مركز البحوث والدراسات السياسية،
_c1994.
300 _a384 صفحة ؛
_c27 سم
336 _2rdacontent
_atext
337 _2rdamedia
_aUnmediated
338 _2rdacarrier
_avolume
504 _a.
541 _aوزارة الثقافة ؛
_bالقاهرة ؛
_cإهداء ؛
_d2023.
650 1 7 _aالعلوم السياسية
_vمعاجم وقواميس
_2qrmak
651 1 _2qrmak
700 1 _aابوزيد، علا
_eمشرف.
700 1 _aالمنوفى، كمال
_eمشرف.
700 1 _aمسعد، نيفين
_eمحرر.
_eمقدم.
905 _aAya
942 _2ddc
_cBK
_e21
_n0
999 _c179507
_d179507